000 00666nam a2200217 i 4500
001 C2-0239895
003 PPAK
005 20180727202657.0
008 020708s my a|||| ||||| | eng d
040 _aPPAK
_beng
_cPPAK
_erda
082 0 4 _a959.5122
_223
090 0 0 _a959.5122
_bKED
_dKK
245 0 4 _aThe Kedah Malaysia :
_byou never knew...
264 1 _aKedah :
_bState Tourist Promotion Board of Kedah ,
_c[date of publication not identified]
300 _a48 pages :
_bcolour illustrations ;
_c22 cm
336 _2rdacontent
_atext
337 _2rdamedia
_aunmediated
338 _2rdacarrier
_avolume
650 1 0 _aDescription and travel
942 _ddc
_cB
999 _c55152
_d55152